000 00406nam a22001577a 4500
005 20180820143327.0
008 160629b xxu||||| |||| 00| 0 eng d
020 _a81-314-0193-6
041 _aeng
082 _b10885
_a658.4012
245 _aCase Studies on Marketing Strategy (VOL-II)
260 _bICFAI-UNIVERSITY PRESS
_aHYDERABAD
_c2006
300 _a319p,
650 _aManagement
_9241
942 _cBK
999 _c4794
_d4792